Missing Word: Al Pacino Quiz Stats

 Plays Quiz Updated Aug 31, 2015

Challenge
Share
Tweet
Embed
Score 0/15 Timer 02:00
1 Play Today
Al Pacino Movie Answer % Correct
____ and JillJack
92.8%
Scent of a _____Woman
91%
___ Day AfternoonDog
88%
____ TracyDick
85.9%
_______ AdvocateDevil's
83%
Any Given ______Sunday
81.3%
Carlito's ___Way
77.6%
The ________ of VeniceMerchant
69%
Al Pacino Movie Answer % Correct
Glengarry Glen ____Ross
66.4%
Donnie ______Brasco
57.7%
...And _______ for AllJustice
57.5%
Two for the _____Money
48.8%
The Son of No ___One
47.3%
Righteous ____Kill
41.6%
__ Minutes88
20%

Today's Daily Dose

You're not logged in!

Compare scores with friends on all Sporcle quizzes.
Join for Free
OR
Log In

You Might Also Like...

Show Comments

Extras

Top Quizzes Today


Score Distribution

Your Account Isn't Verified!

In order to create a playlist on Sporcle, you need to verify the email address you used during registration. Go to your Sporcle Settings to finish the process.

Report this User

Report this user for behavior that violates our Community Guidelines.

Details: